LEADER 01558nam a2200361 a 4500 001 000000170320 003 CaOOAMICUS 005 20181106113113.0 008 181106s2017 it u000 u ita r 020 $a978-88-94900-02-6* 032 $aLibriCat 040 $aPUL$bita 041 0 $aita$aspa 082 04$a260 245 00$aTeologia e magistero, oggi /$ca cura di Antonio Livi ; con contributi di Ignacio Andereggen ... [et al.]. 260 $aRoma :$bLeonardo da Vinci,$c©2017. 300 $a159 p. ;$c24 cm. 490 1 $aDivinitas verbi ;$v01 504 $aBibliografia in nota. 546 $aInterventi in italiano e spagnolo. 650 4$aMagistero ecclesiastico.$0(OLS)http://pul/subject/2042 700 1 $aLivi, Antonio,$d1937-$0(OLS)http://pul/name/10769 700 1 $aAndereggen, Ignacio Eugenio Maria.$0(OLS)http://pul/name/17120 830 0$aDivinitas verbi ;$v01.$0(OLS)http://pul/title/211057 850 $aPUL 852 $aPUL$W1$xSL Religione 3$y85$m260 LIVAN 1B$j193272$b2. copia$qDDC 21$B198662$CPULBib$Z2$F198662 $H131583 $81 852 $aPUL$W1$xSL Religione 3$y85$m260 LIVAN 1$j193228$qDDC 21$B198591$CPULBib$Z2$F198591 $H131533 $81 941 1 $a9 996 $6020$a978-88-94900-02-6*$9(OLS)http://pul/number/165192 996 $6082$a260$9(OLS)http://pul/classification/1887 996 $6245$aTeologia e magistero, oggi$9(OLS)http://pul/title/211058 996 $6260$aRoma :$bLeonardo da Vinci$9(OLS)http://pul/publisher/51778 LEADER 01656nam a2200337 u 4500 001 000000047890 003 CaOOAMICUS 005 20070226114933.0 008 000306s1999 it u000 u ita u 020 $a88-343-0187-0 035 $a10842991 040 $aBAV$bita$dBAV 041 1 $aita$hger 100 1 $aGuardini, Romano,$csacerdote,$d1885-1968.$0(OLS)http://pul/name/10232 240 10$aChristusbild der paulinischen und johanneischen Schriften.$lItaliano.$0(OLS)http://pul/title/64462 245 10$aGesł Cristo :$bla sua figura negli scritti di Paolo e di Giovanni. /$cRomano Guardini ; [traduzione de Carlo Fedeli]. 260 $a[Milano] :$bVita e pensiero,$cc1999. 300 $a263 p. ;$c22 cm 490 1 $aSestante (Vita e pensiero) ;$v12 546 $aTit. orig.:Christusbild der paulinischen und johanneischen Schriften. 600 04$aIesus Christus$xDivinitą.$0(OLS)http://pul/subject/5158 630 04$aBiblia.$pN.T.$pIohannis I-II-III.$0(OLS)http://pul/subject/20212 630 04$aBiblia.$pN.T.$pPauli epistolae.$0(OLS)http://pul/subject/37973 700 1 $aFedeli, Carlo,$d1851-1927.$0(OLS)http://pul/name/34793 830 0$aSestante (Vita e pensiero) ;$v12.$0(OLS)http://pul/title/39673 850 $aPUL 852 $aPUL$W1$xSL Religione 1$y3$m56 L 51$j63914$nBK-PRI$qStampati$q $B63914$CPULBib$Z2$F63914 $H $81 941 1 $a8 996 $6020$a88-343-0187-0$9(OLS)http://pul/number/59982 996 $6245$aGesł Cristo :$bla sua figura negli scritti di Paolo e di Giovanni.$9(OLS)http://pul/title/64463 996 $6260$a[Milano] :$bVita e pensiero$9(OLS)http://pul/publisher/49109